|
|
|
|
| LEADER |
00000nam a22000007a 4500 |
| 005 |
2020102202262.0 |
| 007 |
cr|||| |||| |
| 008 |
201022s2019 br |||||s|||| 00||0 por d |
| 020 |
|
|
|a 978-858-248-185-1
|
| 035 |
|
|
|a 32163
|
| 040 |
|
|
|a vLex
|
| 090 |
|
|
|c 10778
|d 10778
|
| 100 |
1 |
|
|a Pozzoli, Lafayette
|
| 245 |
1 |
0 |
|a Fraternidade e Jurisprudn̊cia
|h [Recurso electrn̤ico] :
|b Uma anl̀ise hermenůtica - Ensaios em homenagem ao Ministro Reynaldo Soares da Fonseca /
|c Lafayette Pozzoli, Clarissa Chagas Sanches Monassa
|
| 256 |
|
|
|a Servicio en ln̕ea
|
| 260 |
|
|
|a San Pablo:
|b Letras Jurídicas Editora,
|c 2019
|
| 300 |
|
|
|a 1 recurso electrn̤ico
|
| 506 |
1 |
|
|a Disponible solo en los productos indicados
|d vLex Global
|d vLex Global (Academic Edition, excluding Law Schools)
|d vLex Global (U.S. Academic Edition, Law Schools)
|d vLex Global (U.S. Academic Edition, excluding Law Schools)
|d vLex Global (Academic Edition, Law Schools)
|
| 650 |
0 |
4 |
|a Derecho Militar
|z Brasil
|
| 700 |
1 |
|
|a Sanches Monassa, Clarissa Chagas
|
| 740 |
0 |
|
|a vLex Libros (Servicio en ln̕ea)
|
| 856 |
4 |
0 |
|u http://vlex.com/source/fraternidade-e-jurisprud-ncia-uma-analise-hermen-utica-ensaios-em-homenagem-ao-ministro-reynaldo-soares-da-fonseca-32163
|z Acceso restringido
|
| 942 |
|
|
|c BOOK
|
| 999 |
0 |
|
|a Military Law
|